|
|
|
|
| LEADER |
01551nam a2200409 a 4500 |
| 001 |
EBC468083 |
| 003 |
MiAaPQ |
| 005 |
20200520144314.0 |
| 006 |
m o d | |
| 007 |
cr cn||||||||| |
| 008 |
070108s2007 ne ab sb 001 0 eng |
| 010 |
|
|
|z 2007060855
|
| 020 |
|
|
|z 9789004155121 (hardcover : alk. paper)
|
| 035 |
|
|
|a (MiAaPQ)EBC468083
|
| 035 |
|
|
|a (Au-PeEL)EBL468083
|
| 035 |
|
|
|a (CaPaEBR)ebr10271068
|
| 035 |
|
|
|a (CaONFJC)MIL191750
|
| 035 |
|
|
|a (OCoLC)646789909
|
| 040 |
|
|
|a MiAaPQ
|c MiAaPQ
|d MiAaPQ
|
| 043 |
|
|
|a a-iq---
|
| 050 |
|
4 |
|a HQ506
|b .G35 2007
|
| 082 |
0 |
4 |
|a 331.0935
|2 22
|
| 100 |
1 |
|
|a Galil, Gershon.
|
| 245 |
1 |
4 |
|a The lower stratum families in the Neo-Assyrian period
|h [electronic resource] /
|c byGershon Galil.
|
| 260 |
|
|
|a Leiden ;
|a Boston :
|b Brill,
|c 2007.
|
| 300 |
|
|
|a xvii, 403 p. :
|b ill., map.
|
| 490 |
1 |
|
|a Culture and history of the ancient Near East,
|x 1566-2055 ;
|v v. 27
|
| 504 |
|
|
|a Includes bibliographical references and indexes.
|
| 533 |
|
|
|a Electronic reproduction. Ann Arbor, MI : ProQuest, 2015. Available via World Wide Web. Access may be limited to ProQuest affiliated libraries.
|
| 650 |
|
0 |
|a Working class families
|z Assyria.
|
| 650 |
|
0 |
|a Working class
|z Assyria.
|
| 650 |
|
0 |
|a Families
|z Assyria.
|
| 651 |
|
0 |
|a Assyria
|x Social life and customs.
|
| 655 |
|
4 |
|a Electronic books.
|
| 710 |
2 |
|
|a ProQuest (Firm)
|
| 830 |
|
0 |
|a Culture and history of the ancient Near East ;
|v v. 27.
|
| 856 |
4 |
0 |
|u https://ebookcentral.proquest.com/lib/matrademy/detail.action?docID=468083
|z Click to View
|